000 00520nam a2200157 a 4500
001 000035436
005 20200930074336.0
008 111031s1961 sp 000 0 spa d
040 _aDO-SdBNP
_bspa
_cBNPHU
082 _axxxx
_bxxxx
100 1 _aSandbow, Oliver
_961270
245 1 0 _aDios es un espejo :
_breencuentro con Dios en la era atómica /
_cOliver Sandbow.
260 _aBarcelona, :
_bMateu,
_c1961.
300 _a346 p. ;
_c19 cm.
590 _aPerteneció a la biblioteca personal de Juan Isidro Jimenes Grullón
999 _c34927
_d34927